Goddess Girls (Record no. 8801)

MARC details
000 -LEADER
fixed length control field 00962nam a22002417a 4500
003 - CONTROL NUMBER IDENTIFIER
control field OSt
005 - DATE AND TIME OF LATEST TRANSACTION
control field 20260310010340.0
008 - FIXED-LENGTH DATA ELEMENTS--GENERAL INFORMATION
fixed length control field 260310b |||||||| |||| 00| 0 eng d
020 ## - INTERNATIONAL STANDARD BOOK NUMBER
International Standard Book Number 978-1-4169-8271-5
040 ## - CATALOGING SOURCE
Original cataloging agency DWCL GS lib
Transcribing agency OC
082 ## - DEWEY DECIMAL CLASSIFICATION NUMBER
Edition number H722g 2010
100 ## - MAIN ENTRY--PERSONAL NAME
Personal name HOLUB, JOAN
245 ## - TITLE STATEMENT
Title Goddess Girls
Remainder of title Athena the brain
Statement of responsibility, etc. Joan Holub
260 ## - PUBLICATION, DISTRIBUTION, ETC.
Place of publication, distribution, etc. New York
Name of publisher, distributor, etc. Aladdin
Date of publication, distribution, etc. 2010
300 ## - PHYSICAL DESCRIPTION
Extent vii, 160 pages:
Dimensions 19 cm.
504 ## - BIBLIOGRAPHY, ETC. NOTE
Bibliography, etc. note Holub, Joan, and Suzanne Williams. Athena the Brain. New York: Aladdin, 2010.
520 ## - SUMMARY, ETC.
Summary, etc. Athena the Brain by Joan Holub and Suzanne Williams is the first book in the Goddess Girls. The story reimagines Greek gods and goddesses as middle-school students attending school together.
546 ## - LANGUAGE NOTE
Language note English
650 ## - SUBJECT ADDED ENTRY--TOPICAL TERM
Source of heading or term Value Intelligence and Learning, Be Confident in Yourself
650 ## - SUBJECT ADDED ENTRY--TOPICAL TERM
Source of heading or term Believe in Your Abilities, Value Education and Knowledge
700 ## - ADDED ENTRY--PERSONAL NAME
Personal name WILLIAMS, SUZANNE
942 ## - ADDED ENTRY ELEMENTS (KOHA)
Source of classification or shelving scheme Dewey Decimal Classification
Koha item type Fiction
Classification part Fic.
Suppress in OPAC No

No items available.